000
00189nam a2200085Ia 4500
008
180219s9999 xx 000 0 und d
100
_a
Ncrte
245
0
_a
General Knowledge Digest
260
_a
N.C.E.R.T
260
_c
2010
999
_c
41817
_d
41817